ANY African Metro A-Z Quiz Stats

Quiz Updated May 19, 2016

Challenge
Share
Tweet
Embed
Score 0/18 Timer 05:00
2 Plays Today
Letter Metros % Correct
CCairo, Casablanca, Cape Town...
98.2%
AAlexandria, Abidjan, Accra...
94%
NNairobi, N'Djamena, Niamey...
85%
LLagos, Luanda, Lusaka...
81.9%
TTunis, Tripoli
80.8%
JJohannesburg
79.6%
KKinshasa, Khartoum, Kano...
79.5%
MMaputo, Mogadishu, Mbuji-Mayi...
79.1%
PPretoria, Port Harcourt, Port Elizabeth
78.1%
Letter Metros % Correct
DDar es Salaam, Durban, Dakar...
74.7%
BBamako, Brazzaville, Benin City...
64.5%
FFreetown, Fez
63%
RRabat
58.4%
HHarare
56.7%
OOuagadougou, Oran, Onitsha
47.6%
YYaoundé
46.3%
IIbadan
17.2%
SSousse
2.7%

You're not logged in!

Compare scores with friends on all Sporcle quizzes.
Sign Up with Email
OR
Log In

You Might Also Like...

Show Comments

Extras

Top Quizzes Today


Score Distribution

Your Account Isn't Verified!

In order to create a playlist on Sporcle, you need to verify the email address you used during registration. Go to your Sporcle Settings to finish the process.